| 000 | 00652nam a22002297a 4500 | ||
|---|---|---|---|
| 005 | 20170124110253.0 | ||
| 010 | _aA-794215 | ||
| 020 |
_c00.00 _a8121604370 |
||
| 035 | _aA-794215 | ||
| 037 | _bCen Lib/Ret | ||
| 040 |
_aDPL _bEN |
||
| 082 |
_a181.2 _bGIB |
||
| 100 |
_aGibran, Kahlil _923481 |
||
| 245 |
_aThe prophet / _cby Kahlil Gibran |
||
| 246 | _b | ||
| 260 |
_aDelhi _bHindi Pocket Books _c1995 |
||
| 270 |
_bDelhi _a18-19, Dilshad garden _e110095 |
||
| 300 |
_a134p. : _c17cm(Hb) _bill. |
||
| 650 |
_aProse poems, American. _9100763 |
||
| 650 |
_aMysticism -- Poetry. _9100764 |
||
| 942 |
_2ddc _cEN _h181.2 _mGIB |
||
| 999 |
_c136035 _d136035 |
||